000 00414nam a2200181Ia 4500
001 23270
005 20260414150926.0
008 260414t2018||||xx |||||||||||||| ||spa||
041 _aESP
082 _a628.1
_bF338
100 _aFetter, C. W.
_eAUT
245 0 _aApplied hydrogeology
_b
260 _c2018
300 _a598 páginas :
_c25 cm.
650 _aTCA
654 _aCII
942 _cLIB
_dJUS
_fJUS
_2ddc
_n
999 _c23270
_d23270